Logo BPK

Biblioteka

Politechniki Koszalińskiej

Przekształcanie spółek cywilnych : (Rekord nr 39703)

Szczegóły MARC
000 -ETYKIETA REKORDU
podpole kontrolne o stałej długości 00886nam a2200217 i 4500
001 - NUMER KONTROLNY REKORDU
pole kontrolne bg
020 ## - MIĘDZYNARODOWY ZNORMALIZOWANY NUMER KSIĄŻKI - ISBN
ISBN 8388036947
040 ## - ŹRÓDŁO KATALOGOWANIA
Instytucja, która utworzyła rekord BPK
041 0# - KOD JĘZYKA
Kod języka tekstu pl
080 ## - UNIWERSALNA KLASYFIKACJA DZIESIĘTNA - UKD
UKD 347.471:347.72](438)
920 ## - Międzynarodowy znormalizowany numer książki – ISBN
ISBN 83-88036-94-7
008 - POLE O STAŁEJ DŁUGOŚCI - DANE KONTROLNE
podpole kontrolne o stałej długości s pl f |000 0 pol
100 1# - NAZWA OSOBOWA
Nazwa osobowa MAZUR-STROJNY, Renata
245 10 - TYTUŁ/ODPOWIEDZIALNOŚĆ
Tytuł Przekształcanie spółek cywilnych :
Ciąg dalszy tytułu aspekt prawny i podatkowy /
Pozostałe elementy strefy tytułu i oznaczenia odpowiedzialności Renata Mazur-Strojny, Czesław Paczuła.
260 ## - STREFA ADRESU WYDAWNICZEGO
Miejsce wydania Kraków :
Nazwa wydawcy/dystrybutora Wszechnica Podatkowa,
Data publikacji, dystrybucji/powstania dokumentu [2001].
300 ## - STREFA OPISU FIZYCZNEGO
Objętość 140 s. ;
Rozmiary 21 cm.
500 ## - UWAGI OGÓLNE
Tekst uwagi Na s. tyt. dod.: charakterystyka spółek handlowych, "przekształcenie" z mocy prawa, kontynuacja praw i obowiązków, księgowość w spółce, konsekwencje podatkowe, wzory umów spółek przekształconych.
650 #9 - HASŁO PRZEDMIOTOWE W FORMIE NAZWY OGÓLNEJ LUB JEDNOSTKOWEJ
Nazwa ogólna lub geograficzna Spółki cywilne
Określnik ogólny prawo
Określnik geograficzny Polska
Określnik chronologiczny stan na 2001 r.
650 #9 - HASŁO PRZEDMIOTOWE W FORMIE NAZWY OGÓLNEJ LUB JEDNOSTKOWEJ
Nazwa ogólna lub geograficzna Spółki handlowe
Określnik ogólny prawo
Określnik geograficzny Polska
Określnik chronologiczny stan na 2001 r.
856 ## - LOKALIZACJA I DOSTĘP DO ELEKTRONICZNYCH DOKUMENTÓW ZDALNYCH
Link (URL) http://koha.tu.koszalin.pl/cgi-bin/koha/opac-detail.pl?biblionumber=39703
Tekst linku Katalog online BPK
942 ## - DODATKOWE ELEMENTY (KOHA)
Typ dokumentu Książka
Egzemplarze
Wycofany Status egzemplarza Uszkodzony Dostępność Lokalizacja stała Lokalizacja bieżąca Miejsce przechowywania Sygnatura Kod kreskowy Typ dokumentu
      Dostępny Biblioteka Politechniki Koszalińskiej Biblioteka Politechniki Koszalińskiej Wypożyczalnia BG 59312 01570113 Książka
© 2023 Biblioteka Politechniki Koszalińskiej :: KOHA